000 00702nam a2200253Ia 4500
003 OSt
005 20220925171253.0
006 a|||||r|||| 00| 0
007 ta
008 220923b |||||||| |||| 00| 0 eng d
037 _cGeneral Book
040 _aRTL
_cRTL
_beng
041 _2eng
_aeng
082 _aH23, L3
100 _aReineck H E
_9238984
245 0 _aDepositional sedimentary environments
_b with refer
260 _aBerlin
_bSpringer-Verlag
_c1973
300 _axvi,439p.
_ccm.
500 _aBib p. 413-34
650 _aGeology
_915465
700 _a Singh I B
_9238985
942 _hH23, L3
_cGB
_2CC
999 _c482137
_d482137